Word Ladder: Two 3-Word Rock Songs Quiz Stats

 Plays Quiz Updated Feb 5, 2018

Score 0/30 Timer 04:00
1 Play Today
% Correct
🎶BLACK🎶
94.7%
🎶HOLE🎶
93.2%
🎶SUN🎶
91.4%
PROM
89.2%
SIN
87.7%
BLOCK
85.6%
BRICK
85.5%
CROP
85.4%
TIN
85.2%
🎶YOU🎶
84.6%
PROP
84.3%
COOP
83.7%
🎶FROM🎶
83.2%
LAP
83.1%
LOU
82.2%
% Correct
TIP
80.9%
LIP
80.6%
COLT
80.5%
BRING
80%
BOING
78.2%
VOLT
77.6%
BROCK
77%
VOLE
76.6%
BRINK
76.3%
COOT
76.1%
DOING
74.4%
LAG
74.3%
LOG
73.5%
🎶LYING🎶
67.5%
DYING
64.7%

Today's Daily Dose

Missing Word
Wicked Songs

Word Ladder
Blue Ivies

Get the Picture
Green on the Flag?

You're not logged in!

Compare scores with friends on all Sporcle quizzes.
OR
Log In

You Might Also Like...

Show Comments

Extras

Top Quizzes Today


Score Distribution

Your Account Isn't Verified!

In order to create a playlist on Sporcle, you need to verify the email address you used during registration. Go to your Sporcle Settings to finish the process.

Report this User

Report this user for behavior that violates our Community Guidelines.

Details: